| 000 | 00406nam a2200145Ia 4500 | ||
|---|---|---|---|
| 008 | 230917s9999||||xx |||||||||||||| ||und|| | ||
| 040 |
_e106434 _aMAIN |
||
| 041 | _aEnglish | ||
| 082 | _a620.5 C589F | ||
| 100 | _aCleland, Andrew N | ||
| 245 | 0 | _aFoundations of nanomechanics: From solid-state theory to Device applications | |
| 260 |
_aBerlin _bSpringer-Verlag _c2003 |
||
| 300 | _a436 p. | ||
| 942 | _cBK | ||
| 999 |
_c120321 _d120321 |
||